00563nam a22001817a 450000500170000001000150001702000260003203500130005803700130007108200120008410000170009624500680011326000390018127000790022030000460029950000190034570000170036420140424164002.0 aENG-109623 c280.00a9788189941802 aEN-93156 bDBAD/PUB a576.139 aMeyyan, R.P. aGenetics and biostatistics /cby R.P. Meyyan [and] N. Arumugam  bSaras Publicationc2011aNagercoil bNagercoile629002a114/35G, A. R. P. Camp Road, Periavilai, Kottar P. O.,  avarious pagings. :c22cm(pbk) bill aIncludes index aArumugam, N.